000
00330nam a2200133Ia 4500
008
210210b1974 xxu||||| |||| 00| 0 eng d
082
_a
158 MAUG
100
_a
MAURUS (J).
245
_a
God's psychology.
260
_a
Allahabad
_b
Better yourself books
_c
1974
300
_a
110
690
_a
Applied Psychology
906
_a
SG01472
999
_c
112665
_d
112665